书目信息 |
| 题名: |
杜鹃
|
|
| 作者: | 姜道滨 著 | |
| 分册: | ||
| 出版信息: | 沈阳 辽宁科学技术出版社 1982 |
|
| 页数: | 143页 | |
| 开本: | 19cm | |
| 丛书名: | ||
| 单 册: | ||
| 中图分类: | S685.21 , S680 | |
| 科图分类: | ||
| 主题词: | 杜鹃花属--基本知识 , 观赏园艺 , 花卉 , 园林树木 | |
| 电子资源: | ||
| ISBN: | ||
| 000 | 00698nam0 2200289 45 | |
| 001 | 0182010034 | |
| 005 | 20040521104918.5 | |
| 010 | @dCNY0.36 | |
| 091 | @a16288.3 | |
| 100 | @a19950607d1982 em y0chiy0121 ea | |
| 101 | 0 | @achi |
| 102 | @aCN@b210000 | |
| 105 | @ay z 000yy | |
| 106 | @ar | |
| 200 | 10 | @a杜鹃@Adu juan@f姜道滨著 |
| 210 | @a沈阳@c辽宁科学技术出版社@d1982 | |
| 215 | @a143页@d19cm | |
| 606 | @a杜鹃花属@x基本知识 | |
| 606 | 0 | @a观赏园艺 |
| 606 | 0 | @a花卉 |
| 606 | 0 | @a园林树木 |
| 690 | @aS685.21@v3 | |
| 690 | @aS680@v3 | |
| 701 | 0 | @a姜道滨@Ajiang dao bin@4著 |
| 801 | 0 | @aCN@b上海图书馆@c20040521 |
| 801 | 2 | @aCN@bNLC@c20040521 |
| 905 | @f1@b89301@dS680@e20 | |
| 杜鹃/姜道滨著.-沈阳:辽宁科学技术出版社,1982 |
| 143页;19cm |
| ISBN :CNY0.36 |
| ● |
| 相关链接 |
|
|
|
|
正题名:杜鹃
索取号:S680/20
 
预约/预借
| 序号 | 登录号 | 条形码 | 馆藏地/架位号 | 状态 | 备注 |
| 1 | 0089301 | 000718824 | 密集书库/ [索取号:S680/20] | 在馆 |